| 000 | 01140nam a22002777a 4500 | ||
|---|---|---|---|
| 005 | 20170627100800.0 | ||
| 008 | 170627b cr ||||| |||| 00| 0 spa d | ||
| 020 | _a9968380873 (O.C.) | ||
| 020 | _a9968380563 (v:1) | ||
| 020 | _a996838058X (v.2) | ||
| 020 | _a9968380628 (v.3) | ||
| 050 | 0 | 4 |
_aK5015.4.A6 _bJ56 2002 |
| 100 | 1 | _aJiménez de Asúa, Luis | |
| 245 | 1 | 0 |
_aGrandes temas básicos del Derecho Penal _c / Luis Jiménez de Asúa, Eugene Florian |
| 250 | _a1a. ed. | ||
| 260 |
_aSan José, Costa Rica : _bJurídica Universitaria, _c2002 |
||
| 300 |
_a3. v. ; _c28 cm. |
||
| 490 | 0 | _aGrandes Temas Básicos del Derecho Penal | |
| 490 | 0 | _aGrandes Maestros del Derecho Penal | |
| 504 | _aIncluye bibliografía e índice | ||
| 505 | 0 | 0 |
_aContenido: _tV. 1 Introducción al Derecho Penal _r / Luis Jiménez de Asúa. _tV. 2 Teoría del delito _r / Luis Jiménez de Asúa. _tV. 3 Difamación : Estudio psicológico-jurídico _r / Eugene Florian ; traducción de P. Herrera de Huerta. |
| 650 | 7 |
_2lemb _aDerecho Penal |
|
| 700 | 1 |
_aFlorian, Eugene _eautor |
|
| 700 | 1 |
_aHerrera de Huerta, P. _etraductor |
|
| 942 |
_2lcc _cLIB |
||
| 999 |
_c129468 _d129468 |
||